Miléniové rozvojové ciele v kontexte programov EÚ bakalárska práca

Uložené v:
Podrobná bibliografia
Hlavný autor: Turayová, Veronika
Korporativný autor: Fakulta medzinárodných vzťahov EU. Katedra medzinárodných ekonomických vzťahov a hospodárskej diplomacie
Ďalší autori: Šabo, Marián
Médium: Kniha
Jazyk:Slovak
Vydavateľské údaje: Bratislava 2012
Tagy: Pridať tag
Žiadne tagy, Buďte prvý, kto otaguje tento záznam!

MARC

LEADER 00000nbm a2200000 4500
001 0153603
005 20161109111756.1
041 0 |a slo 
044 |a SK 
245 1 0 |a Miléniové rozvojové ciele v kontexte programov EÚ  |b bakalárska práca  |c Veronika Turayová ; školiteľ: Marián Šabo 
264 1 |a Bratislava  |c 2012 
300 |a 65 s. 
100 1 |a Turayová, Veronika 
700 1 |a Šabo, Marián 
710 2 |a Fakulta medzinárodných vzťahov EU. Katedra medzinárodných ekonomických vzťahov a hospodárskej diplomacie